[Event "FIDE Women Grand Prix 2011"]
[Site "Doha QAT"]
[Date "2011.02.22"]
[Round "1.5"]
[White "Sebag, Marie"]
[Black "Danielian, Elina"]
[Result "0-1"]
[WhiteElo "2489"]
[BlackElo "2454"]
[PlyCount "116"]
[EventDate "2011.02.22"]
[EventType "tourn"]
[EventRounds "11"]
[EventCountry "QAT"]
[EventCategory "10"]
[Source "lmi"]
[SourceDate "2011.02.22"]

1. e4 c6 2. d4 d5 3. exd5 cxd5 4. c4 Nf6 5. Nc3 e6 6. Nf3 Bb4 7. cxd5 Nxd5 8.
Bd2 Nc6 9. Bd3 Nf6 10. O-O O-O 11. Bg5 Be7 12. Re1 Bd7 13. a3 Rc8 14. Qe2 Re8
15. Bxf6 Bxf6 16. Rad1 e5 17. dxe5 Nxe5 18. Nxe5 Rxe5 19. Be4 Qe8 20. f4 Re6
21. Qd3 Bxc3 22. bxc3 Ba4 23. Bxh7+ Kf8 24. Rxe6 Qxe6 25. Rb1 b5 26. Bf5 Qb6+
27. Kh1 Rd8 28. Qh3 Qh6 29. Qe3 a6 30. Re1 Qd6 31. Qh3 Qh6 32. Qe3 Qd6 33. Qh3
Qh6 34. Qe3 Qf6 35. h3 g6 36. Bb1 Rc8 37. f5 g5 38. Rc1 Bb3 39. Be4 Kg7 40. Qg3
a5 41. Qe3 Re8 42. Qf3 Re5 43. Rb1 a4 44. Qg4 Qe7 45. Bd3 Qd8 46. Qg3 f6 47.
Rf1 Qe7 48. Qg4 Qd6 49. Bb1 Re3 50. Qb4 Qxb4 51. cxb4 Bc4 52. Rd1 Rxa3 53. Be4
Rb3 54. Rd7+ Kf8 55. Bd5 Bxd5 56. Rxd5 Rxb4 57. Rd6 a3 58. Rxf6+ Kg7 0-1

[Event "FIDE Women Grand Prix 2011"]
[Site "Doha QAT"]
[Date "2011.02.24"]
[Round "3.1"]
[White "Fierro Baquero, Martha L"]
[Black "Dzagnidze, Nana"]
[Result "1-0"]
[WhiteElo "2363"]
[BlackElo "2550"]
[PlyCount "81"]
[EventDate "2011.02.22"]
[EventType "tourn"]
[EventRounds "11"]
[EventCountry "QAT"]
[EventCategory "10"]
[Source "lmi"]
[SourceDate "2011.02.22"]

1. c4 e5 2. g3 Nc6 3. Nc3 g6 4. e4 Bg7 5. Bg2 d6 6. Nge2 Nh6 7. O-O O-O 8. d3
f5 9. Nd5 Be6 10. Rb1 Qd7 11. b4 Nd8 12. b5 Kh8 13. a4 Ng8 14. exf5 Bxf5 15.
Ne3 Bh3 16. d4 Bxg2 17. Kxg2 e4 18. Nc3 Nf6 19. Ned5 Nxd5 20. cxd5 Qf5 21. Be3
c6 22. dxc6 bxc6 23. f3 exf3+ 24. Rxf3 Qxf3+ 25. Qxf3 Rxf3 26. Kxf3 c5 27. Ne2
Ne6 28. dxc5 dxc5 29. a5 Rf8+ 30. Ke4 Re8 31. Kd3 Be5 32. Nf4 Bxf4 33. Bxf4 g5
34. Be5+ Kg8 35. b6 axb6 36. axb6 Nd8 37. Bc7 Kf7 38. Bxd8 Rxd8+ 39. Kc4 Ke7
40. b7 Rb8 41. Kxc5 1-0

[Event "FIDE Women Grand Prix 2011"]
[Site "Doha QAT"]
[Date "2011.02.24"]
[Round "3.2"]
[White "Cramling, Pia"]
[Black "Koneru, Humpy"]
[Result "1/2-1/2"]
[WhiteElo "2516"]
[BlackElo "2607"]
[PlyCount "149"]
[EventDate "2011.02.22"]
[EventType "tourn"]
[EventRounds "11"]
[EventCountry "QAT"]
[EventCategory "10"]
[Source "lmi"]
[SourceDate "2011.02.22"]

1. d4 e6 2. c4 b6 3. a3 Bb7 4. Nc3 f5 5. d5 Nf6 6. g3 Na6 7. Bg2 Nc5 8. Nh3 Bd6
9. Nf4 O-O 10. O-O e5 11. Nd3 Nxd3 12. exd3 c6 13. d4 Qc7 14. dxe5 Bxe5 15. Bd2
f4 16. Qe2 fxg3 17. hxg3 cxd5 18. Nb5 Qb8 19. cxd5 a6 20. Nc3 d6 21. Be3 b5 22.
Rad1 Bxc3 23. bxc3 Qc7 24. Bd4 Rae8 25. Qd3 Qf7 26. Bxf6 Qxf6 27. c4 bxc4 28.
Qxc4 Re5 29. Rd3 Qf7 30. Qd4 Rf5 31. Rd2 Bc8 32. Qb6 Rf6 33. Rc2 Qh5 34. Rc4
Bg4 35. Rf4 Rxf4 36. gxf4 Qg6 37. Qe3 h5 38. Rc1 h4 39. Kh2 Re8 40. Qd4 Bf5 41.
Rg1 Qh6 42. Qd2 Qh5 43. Re1 Rf8 44. Re7 Rf6 45. Qe3 Qg4 46. Qf3 Qxf3 47. Bxf3
Bh7 48. Bg4 Rxf4 49. Kh3 Bf5 50. Bxf5 Rxf5 51. Kxh4 Rxd5 52. Rd7 Kh7 53. f4 Kg6
54. Kg4 Kf6 55. Kf3 Rd3+ 56. Ke4 Rxa3 57. Rxd6+ Ke7 58. Rb6 Kf7 59. f5 Ra1 60.
Rb7+ Kg8 61. Ra7 a5 62. Kf4 a4 63. Kg5 a3 64. Kg6 Rg1+ 65. Kh5 Ra1 66. Kg6 Rg1+
67. Kh5 Rg3 68. Kh4 Rb3 69. Kg5 Kf8 70. f6 gxf6+ 71. Kxf6 Ke8 72. Ke5 Kd8 73.
Kd4 Kc8 74. Kc4 Kb8 75. Kxb3 1/2-1/2

[Event "FIDE Women Grand Prix 2011"]
[Site "Doha QAT"]
[Date "2011.02.24"]
[Round "3.4"]
[White "Sebag, Marie"]
[Black "Mkrtchian, Lilit"]
[Result "1/2-1/2"]
[WhiteElo "2489"]
[BlackElo "2475"]
[PlyCount "167"]
[EventDate "2011.02.22"]
[EventType "tourn"]
[EventRounds "11"]
[EventCountry "QAT"]
[EventCategory "10"]
[Source "lmi"]
[SourceDate "2011.02.22"]

1. e4 e6 2. d4 d5 3. Nd2 Nc6 4. Ngf3 Nf6 5. e5 Nd7 6. Nb3 Be7 7. Bb5 Ncb8 8.
O-O b6 9. Qe2 a5 10. a4 Ba6 11. Bxa6 Nxa6 12. Bd2 c6 13. c4 dxc4 14. Qxc4 Ndb8
15. Rfe1 Qd5 16. Qc2 Nb4 17. Bxb4 Bxb4 18. Re4 Na6 19. Rg4 g6 20. Nbd2 Be7 21.
Ne4 Nb4 22. Qd2 h5 23. Rf4 Qd8 24. Nf6+ Bxf6 25. exf6 Nd5 26. Ne5 Nxf4 27. Qxf4
Qd5 28. Rc1 Rc8 29. h4 Qd6 30. Rc3 Rc7 31. Rg3 Rf8 32. Rb3 c5 33. d5 c4 34. Rf3
Rc5 35. Re3 Qxd5 36. Re4 Qd1+ 37. Kh2 Qd6 38. g3 Qc7 39. Qe3 Rh8 40. f4 c3 41.
bxc3 Rxc3 42. Qd4 Rc2+ 43. Kh3 Kf8 44. Qd3 Rc3 45. Qa6 Qc8 46. Rd4 Kg8 47.
Qxc8+ Rxc8 48. Rd7 Rb8 49. Re7 b5 50. axb5 Rxb5 51. Nxf7 Rf5 52. Ng5 Rxf6 53.
Ra7 a4 54. Rxa4 Kg7 55. Ra7+ Kh6 56. Re7 Rf5 57. Rxe6 Rg8 58. Re7 Rh8 59. Kg2
Rff8 60. Rd7 Ra8 61. Nf7+ Kg7 62. Ne5+ Kf6 63. Rd6+ Kf5 64. Rxg6 Ra3 65. Rg5+
Kf6 66. Nd7+ Kf7 67. f5 Ra7 68. Ne5+ Kf6 69. Ng6 Rg8 70. Rxh5 Ra5 71. Rh7 Rb8
72. Nf4 Rxf5 73. Rh6+ Kf7 74. Kf3 Ra5 75. Rc6 Ra3+ 76. Kg4 Rg8+ 77. Kf5 Ra5+
78. Ke4 Rxg3 79. Rc7+ Kg8 80. Rc8+ Kh7 81. Rc7+ Kg8 82. Rc8+ Kf7 83. Rc7+ Kg8
84. Rc8+ 1/2-1/2

[Event "FIDE Women Grand Prix 2011"]
[Site "Doha QAT"]
[Date "2011.02.25"]
[Round "4.5"]
[White "Koneru, Humpy"]
[Black "Stefanova, Antoaneta"]
[Result "1/2-1/2"]
[WhiteElo "2607"]
[BlackElo "2546"]
[PlyCount "95"]
[EventDate "2011.02.22"]
[EventType "tourn"]
[EventRounds "11"]
[EventCountry "QAT"]
[EventCategory "10"]
[Source "lmi"]
[SourceDate "2011.02.22"]

1. d4 d5 2. c4 c6 3. Nc3 Nf6 4. e3 e6 5. Nf3 Nbd7 6. Qc2 Bd6 7. Bd3 O-O 8. O-O
dxc4 9. Bxc4 a6 10. Rd1 c5 11. dxc5 Bxc5 12. Bd3 h6 13. b3 Qe7 14. Bb2 b6 15.
Ne4 Bb7 16. Bxf6 Nxf6 17. Nxc5 Rfc8 18. Qe2 Rxc5 19. e4 e5 20. Nd2 Nh7 21. Nc4
Qc7 22. b4 Rc6 23. Ne3 Nf6 24. Nd5 Nxd5 25. exd5 Rf6 26. Rac1 Qe7 27. a3 Rd6
28. Bc4 Rad8 29. Bxa6 Bxd5 30. Qe3 Kh7 31. Re1 Re6 32. Bc4 Bxc4 33. Rxc4 f5 34.
h3 e4 35. Qf4 Qf6 36. b5 Rd3 37. a4 Ra3 38. Rec1 e3 39. fxe3 Raxe3 40. Rc6 R3e4
41. Qf2 Qg5 42. Rf1 Rxc6 43. bxc6 Rc4 44. Qxb6 Rc2 45. Rf2 Rc1+ 46. Rf1 Rc2 47.
Rf2 Rc1+ 48. Rf1 1/2-1/2

[Event "FIDE Women Grand Prix 2011"]
[Site "Doha QAT"]
[Date "2011.02.28"]
[Round "6.1"]
[White "Dzagnidze, Nana"]
[Black "Xu, Yuhua"]
[Result "1-0"]
[WhiteElo "2550"]
[BlackElo "2484"]
[PlyCount "141"]
[EventDate "2011.02.22"]
[EventType "tourn"]
[EventRounds "11"]
[EventCountry "QAT"]
[EventCategory "10"]
[Source "lmi"]
[SourceDate "2011.02.22"]

1. d4 e6 2. c4 Nf6 3. Nc3 Bb4 4. Qc2 O-O 5. a3 Bxc3+ 6. Qxc3 d5 7. Bg5 dxc4 8.
Qxc4 b6 9. Rd1 Ba6 10. Qc2 Nbd7 11. e4 Bxf1 12. Kxf1 Qc8 13. Qc6 Qa6+ 14. Ne2
Rad8 15. f3 h6 16. Bh4 e5 17. Kf2 exd4 18. Rxd4 Ne5 19. Qc3 Rxd4 20. Qxd4 Re8
21. Bxf6 gxf6 22. Nf4 Qc4 23. Qxc4 Nxc4 24. Rc1 b5 25. b3 Nxa3 26. Rxc7 Ra8 27.
b4 a5 28. bxa5 Rxa5 29. Nd5 Kg7 30. Rc6 Nc4 31. Nxf6 Ra2+ 32. Kg3 Ne3 33. Nh5+
Kh7 34. Nf4 b4 35. Rb6 Rb2 36. Rb7 Kg8 37. h4 b3 38. h5 Kf8 39. Rb8+ Kg7 40.
Rb7 Kf8 41. Kh3 Rb1 42. Nd3 Rh1+ 43. Kg3 Rxh5 44. Kf2 Nc4 45. Rxb3 Ra5 46. Nf4
Ra2+ 47. Kg3 Kg7 48. Kh3 Ra3 49. Rb5 Ra5 50. Rb7 Ra3 51. Rc7 Ne5 52. Ne6+ Kg6
53. Nd4 h5 54. Nf5 Ra2 55. Rc5 Nd3 56. Nh4+ Kg7 57. Rg5+ Kh6 58. Rf5 Ra7 59.
Kg3 Rd7 60. Rf6+ Kg7 61. Rb6 f6 62. Nf5+ Kg6 63. Ne3 Rg7 64. Nd5 Rf7 65. Kh4
Ne5 66. Ra6 Rf8 67. Nf4+ Kh6 68. Nxh5 Nd7 69. g4 Kg6 70. Rd6 Ne5 71. f4 1-0

[Event "FIDE Women Grand Prix 2011"]
[Site "Doha QAT"]
[Date "2011.02.28"]
[Round "6.2"]
[White "Mkrtchian, Lilit"]
[Black "Danielian, Elina"]
[Result "1/2-1/2"]
[WhiteElo "2475"]
[BlackElo "2454"]
[PlyCount "63"]
[EventDate "2011.02.22"]
[EventType "tourn"]
[EventRounds "11"]
[EventCountry "QAT"]
[EventCategory "10"]
[Source "lmi"]
[SourceDate "2011.02.22"]

1. d4 d5 2. c4 dxc4 3. Nf3 Nf6 4. e3 e6 5. Bxc4 c5 6. Nc3 a6 7. a4 Nc6 8. O-O
Be7 9. Qe2 cxd4 10. Rd1 e5 11. exd4 exd4 12. Nxd4 Nxd4 13. Qe5 Qd6 14. Qxd6
Bxd6 15. Rxd4 Bc5 16. Rd1 O-O 17. Bf4 Bg4 18. Re1 Rac8 19. Bb3 Rfe8 20. h3 Be6
21. Bxe6 Rxe6 22. Rxe6 fxe6 23. Re1 Kf7 24. Ne4 Nxe4 25. Rxe4 Be7 26. Be5 Rc5
27. Kf1 b5 28. axb5 Rxb5 29. Bc3 Bf6 30. Ra4 Rb3 31. Rxa6 Bxc3 32. bxc3 1/2-1/2

[Event "FIDE Women Grand Prix 2011"]
[Site "Doha QAT"]
[Date "2011.02.28"]
[Round "6.3"]
[White "Zhu, Chen"]
[Black "Munguntuul, Batkhuyag"]
[Result "0-1"]
[WhiteElo "2495"]
[BlackElo "2410"]
[PlyCount "134"]
[EventDate "2011.02.22"]
[EventType "tourn"]
[EventRounds "11"]
[EventCountry "QAT"]
[EventCategory "10"]
[Source "lmi"]
[SourceDate "2011.02.22"]

1. d4 Nf6 2. c4 g6 3. Nc3 Bg7 4. e4 d6 5. Nf3 O-O 6. Be2 e5 7. O-O Nbd7 8. Re1
exd4 9. Nxd4 Nc5 10. f3 Re8 11. Be3 Nfd7 12. Qd2 c6 13. b4 Ne6 14. Nb3 g5 15.
Rac1 Ndf8 16. Red1 Be5 17. b5 Qf6 18. bxc6 bxc6 19. c5 dxc5 20. Na4 Rd8 21. Qe1
Rxd1 22. Bxd1 c4 23. Na5 c5 24. Nxc4 Bd4 25. e5 Qf4 26. g3 Bxe3+ 27. Qxe3 Qxe3+
28. Nxe3 Nd7 29. Nc4 Ba6 30. Nd6 Rd8 31. Bb3 Nd4 32. Bxf7+ Kf8 33. Rxc5 Nxe5
34. Bh5 g4 35. Ne4 Ndxf3+ 36. Kf2 Nd3+ 37. Ke3 Nxc5 38. Naxc5 Bc8 39. h3 Ne5
40. hxg4 Nxg4+ 41. Kf4 Nh6 42. g4 Kg7 43. g5 Rf8+ 44. Ke5 Nf7+ 45. Kd4 Rd8+ 46.
Ke3 Ne5 47. Nc3 Nc4+ 48. Ke4 Nd2+ 49. Ke5 Rf8 50. Nb5 Rf5+ 51. Kd4 a5 52. Nd6
Rxg5 53. Be8 Bh3 54. Ndb7 Nf3+ 55. Ke4 Re5+ 56. Kxf3 Rxe8 57. Nxa5 Ra8 58. Nab3
Rxa2 59. Kg3 Bc8 60. Nd4 h5 61. Nf3 Kh6 62. Kf4 Rg2 63. Nd3 Bb7 64. Nfe5 h4 65.
Nf7+ Kh5 66. Kf5 h3 67. Nf4+ Kh4 0-1

[Event "FIDE Women Grand Prix 2011"]
[Site "Doha QAT"]
[Date "2011.02.28"]
[Round "6.4"]
[White "Koneru, Humpy"]
[Black "Chiburdanidze, Maia"]
[Result "1-0"]
[WhiteElo "2607"]
[BlackElo "2502"]
[PlyCount "83"]
[EventDate "2011.02.22"]
[EventType "tourn"]
[EventRounds "11"]
[EventCountry "QAT"]
[EventCategory "10"]
[Source "lmi"]
[SourceDate "2011.02.22"]

1. d4 Nf6 2. c4 e6 3. Nc3 Bb4 4. e3 c5 5. Nge2 cxd4 6. exd4 d5 7. c5 Ne4 8. Bd2
Nc6 9. Nxe4 dxe4 10. Bxb4 Nxb4 11. Qa4+ Nc6 12. Rd1 Qg5 13. g3 e3 14. fxe3 Qxe3
15. Bg2 Bd7 16. Qc4 O-O 17. Rd3 Qh6 18. O-O Rab8 19. b4 e5 20. d5 e4 21. Qxe4
Rbe8 22. dxc6 Bxc6 23. Qg4 Bb5 24. Nf4 Bxd3 25. Nxd3 Qe3+ 26. Nf2 Re7 27. Qf4
Qa3 28. Qc4 Rd8 29. b5 Rd2 30. c6 bxc6 31. bxc6 Qa5 32. a4 h6 33. Ne4 Qb6+ 34.
Kh1 Rd4 35. Qc2 Qa5 36. Rb1 g6 37. h4 Kg7 38. Qc5 Qxc5 39. Nxc5 Rc4 40. Nb7 Re3
41. Nd6 Rc5 42. Rb7 1-0

[Event "FIDE Women Grand Prix 2011"]
[Site "Doha QAT"]
[Date "2011.02.28"]
[Round "6.5"]
[White "Fierro Baquero, Martha L"]
[Black "Sebag, Marie"]
[Result "0-1"]
[WhiteElo "2363"]
[BlackElo "2489"]
[PlyCount "110"]
[EventDate "2011.02.22"]
[EventType "tourn"]
[EventRounds "11"]
[EventCountry "QAT"]
[EventCategory "10"]
[Source "lmi"]
[SourceDate "2011.02.22"]

1. c4 c6 2. g3 d5 3. Nf3 Nf6 4. Bg2 dxc4 5. O-O g6 6. Na3 Qd5 7. d3 cxd3 8. Ng5
Qd8 9. Qb3 e6 10. Rd1 Bg7 11. Rxd3 Nbd7 12. Nc4 O-O 13. Qd1 Qc7 14. Bd2 h6 15.
Nh3 Nd5 16. e4 b5 17. Ba5 Qb8 18. Nd2 N5b6 19. Qc2 Ne5 20. Rb3 Nbc4 21. Nxc4
Nxc4 22. Bc3 Bxc3 23. Rxc3 Rd8 24. b3 Ne5 25. Rd1 Bb7 26. Nf4 Qc7 27. Ne2 Rxd1+
28. Qxd1 Rd8 29. Qc1 b4 30. Rc2 Qd6 31. h3 Qd1+ 32. Qxd1 Rxd1+ 33. Kh2 Nd3 34.
Nf4 Ne1 35. Rc5 Rd2 36. Ra5 a6 37. Kg1 Rc2 38. h4 c5 39. Bh1 g5 40. hxg5 hxg5
41. Nh5 Nd3 42. e5 Kf8 43. Bg2 Bxg2 44. Kxg2 Rxf2+ 45. Kh3 Nxe5 46. Rxc5 Nf3
47. g4 Rxa2 48. Rc8+ Ke7 49. Rc7+ Kd6 50. Rxf7 Ng1+ 51. Kg3 Rb2 52. Ra7 Rxb3+
53. Kg2 Nh3 54. Rxa6+ Ke5 55. Ng7 Kf4 0-1

[Event "FIDE Women Grand Prix 2011"]
[Site "Doha QAT"]
[Date "2011.03.01"]
[Round "7.4"]
[White "Munguntuul, Batkhuyag"]
[Black "Koneru, Humpy"]
[Result "0-1"]
[WhiteElo "2410"]
[BlackElo "2607"]
[PlyCount "120"]
[EventDate "2011.02.22"]
[EventType "tourn"]
[EventRounds "11"]
[EventCountry "QAT"]
[EventCategory "10"]
[Source "lmi"]
[SourceDate "2011.02.22"]

1. e4 e5 2. Nf3 Nc6 3. Bb5 a6 4. Ba4 Nf6 5. O-O Be7 6. Re1 b5 7. Bb3 d6 8. a4
b4 9. d4 exd4 10. Nxd4 Na5 11. Bd5 Nxd5 12. exd5 O-O 13. Nd2 Re8 14. Ne4 Qd7
15. c3 bxc3 16. b4 c5 17. dxc6 Nxc6 18. Ba3 Bb7 19. Nf3 d5 20. Nxc3 Nxb4 21. a5
Bf8 22. Rb1 Rxe1+ 23. Nxe1 Nc6 24. Bxf8 Rxf8 25. Nxd5 Rd8 26. Qh5 Nxa5 27. Nf6+
gxf6 28. Qxa5 Re8 29. Qc3 Qc6 30. Qxc6 Bxc6 31. f3 Bb5 32. Nc2 Bd3 33. Rb2 a5
34. Nd4 Rd8 35. Nc6 Ra8 36. Ra2 a4 37. Ra3 Bb5 38. Ne7+ Kg7 39. Nd5 Bc6 40. Nc3
Rb8 41. Ra2 Rb4 42. Kf2 f5 43. Ke3 Kf6 44. Rd2 Ke5 45. g3 f4+ 46. gxf4+ Rxf4
47. Rf2 a3 48. Rf1 h5 49. Rf2 h4 50. h3 Kf5 51. Ne4 Ke5 52. Nc3 Rb4 53. Ra2 Rb3
54. f4+ Kf5 55. Kd4 Bd7 56. Re2 Be6 57. Re5+ Kxf4 58. Rh5 Kg3 59. Ne4+ Kxh3 60.
Nf2+ Kg2 0-1

[Event "FIDE Women Grand Prix 2011"]
[Site "Doha QAT"]
[Date "2011.03.02"]
[Round "8.1"]
[White "Dzagnidze, Nana"]
[Black "Mkrtchian, Lilit"]
[Result "1-0"]
[WhiteElo "2550"]
[BlackElo "2475"]
[PlyCount "59"]
[EventDate "2011.02.22"]
[EventType "tourn"]
[EventRounds "11"]
[EventCountry "QAT"]
[EventCategory "10"]
[Source "lmi"]
[SourceDate "2011.02.22"]

1. d4 Nf6 2. c4 e6 3. Nf3 b6 4. g3 Ba6 5. b3 b5 6. cxb5 Bxb5 7. Nc3 Bb4 8. Bd2
Bc6 9. Bg2 O-O 10. O-O a5 11. Qc2 Qc8 12. Bg5 Qb7 13. Bxf6 gxf6 14. d5 exd5 15.
Rad1 Re8 16. Rd4 Na6 17. Rfd1 Bxc3 18. Qxc3 Re4 19. Nh4 Re5 20. Qf3 d6 21. Nf5
Kh8 22. Rh4 Qc8 23. Rxh7+ Kxh7 24. Qh5+ Kg8 25. Qg4+ Kf8 26. Qg7+ Ke8 27. Qg8+
Kd7 28. Qxf7+ Kd8 29. Qxf6+ Kd7 30. Bh3 1-0

[Event "FIDE Women Grand Prix 2011"]
[Site "Doha QAT"]
[Date "2011.03.02"]
[Round "8.3"]
[White "Koneru, Humpy"]
[Black "Danielian, Elina"]
[Result "1-0"]
[WhiteElo "2607"]
[BlackElo "2454"]
[PlyCount "83"]
[EventDate "2011.02.22"]
[EventType "tourn"]
[EventRounds "11"]
[EventCountry "QAT"]
[EventCategory "10"]
[Source "lmi"]
[SourceDate "2011.02.22"]

1. d4 d5 2. c4 c6 3. e3 Nf6 4. Nf3 e6 5. Nbd2 c5 6. b3 Nc6 7. Bb2 a6 8. a3 dxc4
9. bxc4 Be7 10. Bd3 O-O 11. O-O b6 12. Qe2 Bb7 13. Rfd1 cxd4 14. exd4 Re8 15.
Nf1 Bf8 16. Ne3 Na5 17. Ne5 g6 18. Rab1 Bg7 19. Bc3 Nc6 20. f4 Nh5 21. Qf2 Qc7
22. Be2 Nf6 23. Bf3 Nxe5 24. fxe5 Ne4 25. Bxe4 Bxe4 26. Rbc1 h5 27. Bb4 Bh6 28.
Rc3 Qd8 29. Nf1 b5 30. Ng3 Bf5 31. cxb5 axb5 32. d5 h4 33. Nxf5 exf5 34. Qd4
Bg7 35. Re3 Rc8 36. d6 Rc4 37. Qa7 Qg5 38. Re2 Bxe5 39. Rxe5 Rxe5 40. d7 Rd5
41. Qa8+ Kh7 42. Qxd5 1-0

[Event "FIDE Women Grand Prix 2011"]
[Site "Doha QAT"]
[Date "2011.03.02"]
[Round "8.4"]
[White "Fierro Baquero, Martha L"]
[Black "Munguntuul, Batkhuyag"]
[Result "1-0"]
[WhiteElo "2363"]
[BlackElo "2410"]
[PlyCount "179"]
[EventDate "2011.02.22"]
[EventType "tourn"]
[EventRounds "11"]
[EventCountry "QAT"]
[EventCategory "10"]
[Source "lmi"]
[SourceDate "2011.02.22"]

1. c4 e5 2. g3 f5 3. Nf3 d6 4. d4 e4 5. Nfd2 Nf6 6. Bg2 c6 7. O-O Be7 8. d5 O-O
9. Nc3 Nbd7 10. f3 cxd5 11. Nxd5 Nxd5 12. cxd5 Ne5 13. fxe4 Qb6+ 14. Kh1 Ng4
15. Nc4 Qc5 16. Qc2 b5 17. Ne3 Qxc2 18. Nxc2 fxe4 19. Rxf8+ Bxf8 20. h3 Nf6 21.
Bg5 Bb7 22. Bxf6 gxf6 23. Bxe4 f5 24. Bxf5 Bxd5+ 25. e4 Bf7 26. Nd4 Bg7 27. Rd1
b4 28. b3 a5 29. Bd7 Ra7 30. Bb5 Rb7 31. Bf1 Be5 32. Nf5 Be6 33. Nd4 Bf7 34.
Nf5 Be6 35. Rc1 Bxf5 36. exf5 Bxg3 37. Bc4+ Kf8 38. f6 Be5 39. Bd5 Rb8 40. Rc7
Bxf6 41. Rf7+ Ke8 42. Rxf6 Rc8 43. Re6+ Kd7 44. Rh6 Rc2 45. Rxh7+ Kd8 46. Ra7
Rxa2 47. Bc6 Rd2 48. Ba4 d5 49. Rxa5 Ke7 50. Kg1 Ke6 51. Kf1 Kd6 52. Rb5 Rh2
53. Rxb4 Rxh3 54. Rg4 Rh2 55. Rg2 Rh3 56. Ke2 Kc5 57. Kd2 Rf3 58. Kc2 Rh3 59.
Rg5 Rh4 60. Kc3 Rf4 61. Bd7 Re4 62. Bc8 Re3+ 63. Kb2 Re7 64. Bg4 Re3 65. Bh5
Kb4 66. Rg4+ Kc5 67. Bf7 Re5 68. Ra4 Rf5 69. Bg8 Rf8 70. Bh7 Rf3 71. Bc2 Kb5
72. Rh4 Kc5 73. Ka3 Rc3 74. Bg6 Rg3 75. Bh5 Re3 76. Rf4 Re5 77. Bf3 Kb5 78. Rd4
Kc5 79. Rxd5+ Rxd5 80. Bxd5 Kxd5 81. Ka4 Kc5 82. Ka5 Kc6 83. b4 Kb7 84. Kb5 Ka7
85. Kc6 Ka6 86. b5+ Ka7 87. Kc7 Ka8 88. Kb6 Kb8 89. Ka6 Kc7 90. Ka7 1-0

[Event "FIDE Women Grand Prix 2011"]
[Site "Doha QAT"]
[Date "2011.03.02"]
[Round "8.6"]
[White "Stefanova, Antoaneta"]
[Black "Sebag, Marie"]
[Result "1/2-1/2"]
[WhiteElo "2546"]
[BlackElo "2489"]
[PlyCount "130"]
[EventDate "2011.02.22"]
[EventType "tourn"]
[EventRounds "11"]
[EventCountry "QAT"]
[EventCategory "10"]
[Source "lmi"]
[SourceDate "2011.02.22"]

1. d4 d5 2. Bf4 c5 3. e3 Nc6 4. c3 Qb6 5. Qb3 Nf6 6. Nd2 Bf5 7. dxc5 Qxb3 8.
axb3 e5 9. Bg3 Bxc5 10. Ngf3 e4 11. Nd4 Nxd4 12. exd4 Bb6 13. Be2 O-O 14. b4
Bg4 15. Bxg4 Nxg4 16. h3 Nf6 17. Nb3 Nh5 18. Bd6 Rfd8 19. Bh2 f5 20. g4 fxg4
21. hxg4 Nf6 22. g5 Ne8 23. Nc5 Nd6 24. Ke2 Bxc5 25. bxc5 Nb5 26. Be5 Rd7 27.
Rh3 Rf8 28. Rah1 g6 29. Rh6 Rf5 30. Bf6 Nc7 31. Ra1 a6 32. b4 Rf3 33. Rc1 Nb5
34. c4 Nc3+ 35. Rxc3 Rxc3 36. cxd5 Rxd5 37. Rh4 Rb3 38. Rxe4 Rxb4 39. Re8+ Kf7
40. Re7+ Kf8 41. Rxh7 Rb3 42. Be5 a5 43. Kd2 a4 44. Kc2 Rb5 45. f4 Rb3 46. Rh8+
Kf7 47. Ra8 Rd7 48. Rxa4 Rf3 49. Rb4 Ke6 50. Rb6+ Kf5 51. Rf6+ Ke4 52. Rxg6 Rd8
53. Rb6 Ra8 54. Rxb7 Ra2+ 55. Kb1 Rff2 56. d5 Kxd5 57. Bb2 Ra4 58. g6 Raxf4 59.
g7 Rg2 60. Rb8 Rfg4 61. Rc8 Rxg7 62. Bxg7 Rxg7 63. Kb2 Rb7+ 64. Kc3 Rb5 65. c6
Rc5+ 1/2-1/2

[Event "FIDE Women Grand Prix 2011"]
[Site "Doha QAT"]
[Date "2011.03.03"]
[Round "9.3"]
[White "Munguntuul, Batkhuyag"]
[Black "Cramling, Pia"]
[Result "1-0"]
[WhiteElo "2410"]
[BlackElo "2516"]
[PlyCount "73"]
[EventDate "2011.02.22"]
[EventType "tourn"]
[EventRounds "11"]
[EventCountry "QAT"]
[EventCategory "10"]
[Source "lmi"]
[SourceDate "2011.02.22"]

1. e4 c5 2. Nf3 Nc6 3. d4 cxd4 4. Nxd4 Nf6 5. Nc3 d6 6. Be2 e6 7. Be3 Be7 8.
O-O O-O 9. f4 a6 10. a4 Bd7 11. Nb3 b6 12. Bf3 Qc7 13. g4 Bc8 14. Bg2 Nd7 15.
g5 Re8 16. Qh5 g6 17. Qh4 Bf8 18. Rf3 Bg7 19. Rh3 Nf8 20. f5 Bxc3 21. f6 h5 22.
bxc3 Ne5 23. Bd4 Ng4 24. Kh1 Nh7 25. Rg3 Ne5 26. Bxe5 dxe5 27. Bf3 Bb7 28. Bxh5
gxh5 29. Re1 Red8 30. Qxh5 Bxe4+ 31. Rxe4 Qc6 32. Rge3 Kh8 33. Qxf7 Rd7 34. Qh5
Kg8 35. Kg1 Rad8 36. Nd2 Ra7 37. Nf3 1-0

[Event "FIDE Women Grand Prix 2011"]
[Site "Doha QAT"]
[Date "2011.03.03"]
[Round "9.4"]
[White "Danielian, Elina"]
[Black "Fierro Baquero, Martha L"]
[Result "1-0"]
[WhiteElo "2454"]
[BlackElo "2363"]
[PlyCount "101"]
[EventDate "2011.02.22"]
[EventType "tourn"]
[EventRounds "11"]
[EventCountry "QAT"]
[EventCategory "10"]
[Source "lmi"]
[SourceDate "2011.02.22"]

1. Nf3 g6 2. g3 Bg7 3. Bg2 Nf6 4. O-O O-O 5. d4 d6 6. c4 c6 7. Nc3 Qa5 8. h3 e5
9. e4 Nbd7 10. Re1 exd4 11. Nxd4 Ne5 12. Bf1 Be6 13. Nxe6 fxe6 14. Kg2 Rad8 15.
Be3 c5 16. Qb3 Rd7 17. Rad1 a6 18. Be2 Qb4 19. f4 Nc6 20. Qxb4 cxb4 21. Na4
Nxe4 22. Bg4 Re8 23. Bb6 h5 24. Rxe4 hxg4 25. hxg4 Kf7 26. b3 Ree7 27. Re2 e5
28. Red2 Nd4 29. fxe5 dxe5 30. Bc5 Re8 31. Bxb4 b5 32. Nc5 Ra7 33. Ne4 Kg8 34.
Bd6 bxc4 35. bxc4 Rb7 36. Rf1 Rc8 37. c5 Rf7 38. Rxf7 Kxf7 39. Rb2 Ke6 40. Rb7
Bf6 41. g5 Bd8 42. g4 Kd5 43. Nf6+ Ke6 44. Rg7 Nb5 45. Rxg6 Nxd6 46. Nh7+ Kd5
47. Rxd6+ Kxc5 48. Rd1 Rb8 49. g6 Kc6 50. g7 Be7 51. Nf8 1-0

[Event "FIDE Women Grand Prix 2011"]
[Site "Doha QAT"]
[Date "2011.03.03"]
[Round "9.5"]
[White "Xu, Yuhua"]
[Black "Koneru, Humpy"]
[Result "1/2-1/2"]
[WhiteElo "2484"]
[BlackElo "2607"]
[PlyCount "211"]
[EventDate "2011.02.22"]
[EventType "tourn"]
[EventRounds "11"]
[EventCountry "QAT"]
[EventCategory "10"]
[Source "lmi"]
[SourceDate "2011.02.22"]

1. e4 c5 2. Nf3 e6 3. d4 cxd4 4. Nxd4 a6 5. Bd3 Bc5 6. Nb3 Be7 7. Be3 Nc6 8.
N1d2 Nf6 9. f4 d6 10. a3 e5 11. f5 d5 12. Qf3 d4 13. Bf2 h5 14. h3 h4 15. O-O-O
Bd7 16. Bc4 b5 17. Bd5 Rc8 18. Kb1 b4 19. a4 Na5 20. Nxa5 Qxa5 21. Bb3 Bxa4 22.
Nc4 Qb5 23. Nb6 Qxb6 24. Bxa4+ Kf8 25. Rhe1 Rh6 26. Bb3 Qc6 27. g4 Nd7 28. Re2
a5 29. g5 Bxg5 30. Rg1 Bf6 31. Be1 Nb6 32. Bd2 Rh7 33. Reg2 Nc4 34. Qd3 Nxd2+
35. Rxd2 a4 36. Bd5 Qb6 37. Bc4 Rc5 38. Rdg2 Ke7 39. b3 a3 40. Ka2 Rh8 41. Qe2
Rhc8 42. Bd3 R8c6 43. Rd1 Rc3 44. Rd2 Qc7 45. Qf2 Kd8 46. Qe2 Kc8 47. Qf2 Kb8
48. Qe2 Ka7 49. Qd1 g6 50. fxg6 fxg6 51. Qg4 Be7 52. Rgf2 Kb6 53. Rde2 Qd8 54.
Rf7 Ka5 55. Rg2 Qc7 56. Qe2 Qd6 57. Rg7 g5 58. Rf7 Qe6 59. Rf5 Kb6 60. Rgf2 Ka7
61. Rg2 Rc7 62. Rgf2 R3c5 63. Rg2 Qh6 64. Qg4 Qc6 65. Qe2 Qe8 66. Qg4 Qc8 67.
Qd1 Kb6 68. Qd2 Ka7 69. Qd1 R7c6 70. Qe2 Qc7 71. Qd1 Qd6 72. Qe2 Rc8 73. Qd1
R5c7 74. Qe2 Qc5 75. Bc4 Rd8 76. Qd3 Qd6 77. Qe2 Rdc8 78. Bd3 Qe6 79. Qd1 Rg8
80. Qg4 Qd6 81. Rff2 Qc5 82. Bc4 Rd8 83. Qe2 Qc6 84. Rf5 Qc5 85. Rff2 Kb8 86.
Rf5 Rd6 87. Qd3 Rdc6 88. Qe2 Bd8 89. Qg4 Qd6 90. Bd3 Rg7 91. Rgf2 Be7 92. Rg2
Rc8 93. Rgf2 Qc7 94. Bc4 Rd8 95. Rg2 Rg6 96. Qe2 Rf8 97. Qg4 Rxf5 98. Qxf5 Rc6
99. Qf7 Bd8 100. Qg8 Ka7 101. Rf2 Rf6 102. Rxf6 Bxf6 103. Qe6 Bd8 104. Qa6+ Kb8
105. Qb5+ Ka7 106. Qa6+ 1/2-1/2